K aktuálnym otázkam dôchodkového systému v Slovenskej republike

Východiská a prístupy k dôchodkovým reformám. Fungovanie reformovaného dôchodkového systému. Dôchodkový systém je založený na troch pilieroch: 1. pilier - povinný, priebežne financovaný s primeranou solidaritou, 2. pilier - starobné dôchodkové sporenie, povinný kapitalizačný pilier, 3. pilier - dobr...

Ausführliche Beschreibung

Gespeichert in:
Bibliographische Detailangaben
1. Verfasser: Rievajová, Eva
Weitere Verfasser: Pongráczová, Eva, 1971-
Format: Buchkapitel
Sprache:Slowakisch
Schlagworte:
Tags: Tag hinzufügen
Keine Tags, Fügen Sie das erste Tag hinzu!

MARC

LEADER 00000naa$a2200000$$$4500
001 0091635
005 20240502083232.8
041 0 |a slo 
044 |a CZ 
245 1 0 |a K aktuálnym otázkam dôchodkového systému v Slovenskej republike  |c Eva Rievajová, Eva Pongráczová 
520 |a Východiská a prístupy k dôchodkovým reformám. Fungovanie reformovaného dôchodkového systému. Dôchodkový systém je založený na troch pilieroch: 1. pilier - povinný, priebežne financovaný s primeranou solidaritou, 2. pilier - starobné dôchodkové sporenie, povinný kapitalizačný pilier, 3. pilier - dobrovoľný. 
610 2 0 |a systémy dôchodkové 
610 2 0 |a Slovensko 
610 2 0 |a reformy dôchodkové 
610 2 0 |a financovanie 
100 1 |a Rievajová, Eva 
700 1 |a Pongráczová, Eva, 1971-